Applied Anatomy and Physiology / (Record no. 14071)
[ view plain ]
| 000 -LEADER | |
|---|---|
| fixed length control field | 00541nam a22001937a 4500 |
| 003 - CONTROL NUMBER IDENTIFIER | |
| control field | OSt |
| 005 - DATE AND TIME OF LATEST TRANSACTION | |
| control field | 20140310182526.0 |
| 008 - FIXED-LENGTH DATA ELEMENTS--GENERAL INFORMATION | |
| fixed length control field | 130812t xxu||||| |||| 00| 0 eng d |
| 020 ## - INTERNATIONAL STANDARD BOOK NUMBER | |
| International Standard Book Number | 9788123915418 |
| 050 ## - LIBRARY OF CONGRESS CALL NUMBER | |
| Classification number | RC 30 |
| Item number | .Sh558 2008 |
| 100 ## - MAIN ENTRY--PERSONAL NAME | |
| Personal name | Shmaefsky, Brian R. |
| 9 (RLIN) | 9507 |
| 245 ## - TITLE STATEMENT | |
| Title | Applied Anatomy and Physiology / |
| Statement of responsibility, etc | Brian R. Shmaefsky |
| 260 ## - PUBLICATION, DISTRIBUTION, ETC. (IMPRINT) | |
| Place of publication, distribution, etc | USA: |
| Name of publisher, distributor, etc | EMC Corporation, |
| Date of publication, distribution, etc | c2008. |
| 300 ## - PHYSICAL DESCRIPTION | |
| Extent | x, 654 p. : |
| Other physical details | ill. col. ; |
| Dimensions | 27 cm. |
| 650 ## - SUBJECT ADDED ENTRY--TOPICAL TERM | |
| Topical term or geographic name as entry element | Anatomy. |
| 9 (RLIN) | 8595 |
| 650 ## - SUBJECT ADDED ENTRY--TOPICAL TERM | |
| Topical term or geographic name as entry element | Physiology. |
| 9 (RLIN) | 8256 |
| 942 ## - ADDED ENTRY ELEMENTS (KOHA) | |
| Source of classification or shelving scheme | Library of Congress Classification |
| Koha item type | |
| Withdrawn status | Lost status | Source of classification or shelving scheme | Damaged status | Home library | Current library | Shelving location | Date acquired | Total Checkouts | Total Renewals | Full call number | Barcode | Date last seen | Date checked out | Copy number | Price effective from | Koha item type |
|---|---|---|---|---|---|---|---|---|---|---|---|---|---|---|---|---|
| Library of Congress Classification | South SEED-LPDH College Library | South SEED-LPDH College Library | South SEED-LPDH College Section | 08/12/2013 | 3 | 1 | RC 30 .Sh558 2008 | SSLC0870 | 07/29/2019 | 07/22/2019 | 1 | 08/12/2013 | Books |